000 00290nam a22001217a 4500
008 181107b xxu||||| |||| 00| 0 eng d
041 _aeng
080 _a101
100 _a23
101 _aFIL
245 _aThe Enduring Questions MainProblems Of Philosphy
_cRader,M
942 _2udc
_cBK
999 _c52181
_d52181